000 00425nam a2200157 i 4500
001 94660
003 ES-MaACL
007 t|
008 050511s1984 xxk ||||1| eng d
100 1 _aLoudon, Rodney.
_974314
245 1 4 _aThe quantum theory of light /
_cRodney Loudon.
250 _a2ยช ed.
260 _aOxford :
_bClarendon,
_c1984.
300 _aXIV, 393 p. :
_bil. ;
_c24 cm.
852 _aES-MaACL
_jL-7111
_bR.107966
999 _c94660
_d94660